000 00845nas a2200265 4500
001 BR2014002655
003 BR-BrBNA
005 20231205124007.0
007 ta
008 230509b bl.|||p| |||| 00| 00por d
040 _aBR-BrBNA
_bpor
_cBiblioteca Nacional de Agricultura
041 _a(Pt)
072 _aF06; P33
100 1 _aFigueirêdo, V.B.
100 1 _aFaria, M.A. de
100 1 _aSilva, E.L. da
245 1 _aCrescimento inicial do cafeeiro irrigado com água salina e salinização do solo
650 _aSALINIDADE
650 _aCOFFEA ARABICA
650 _aIRRIGAÇÃO
650 _aRELAÇÃO ÁGUA-PLANTA
773 0 _tRevista Brasileira de Engenharia Agrícola e Ambiental (Brazil)
_xISSN 1415-4366
_g(Mar 2006), v. 10(1) p. 50-57
_wBR2014002655
909 _a202311
_bLúcia
_c55
_dLúcia Elande
942 _2AGRIS
_n0
_cANA
999 _c236799
_d236799